000 01120ngm a22002410a 4500
001 PT33141
003 AR-LpoUNG
005 20210202000432.0
007 vd cvaizq
008 191001s2000||||ag |||||||||||||||||spa d
040 _aAR-LpoUNG
_bspa
_cAR-LpoUNG
_eaacr
041 _aspa
082 0 _a303.385 213mil
100 1 _aDarabont, Frank
_edir.
245 1 0 _aMilagros inesperados
260 _as.l.
_bWarner Bross,
_c2000.
300 _aDVD (189 min.) : son., col.
520 _aPaul Edgecomb fue el guardían jefe del corredor de la muerte, durante muchos años en la prisión de "Cold Mountain", en el sur de Estados Unidos. Edgecomb ha recorrido el fatídico pasillo con todo tipo de convictos, pero nunca había conocido a nadie que se pareciera a John Coffey, un corpulento hombre de raza negra acusado de asesinar a dos hermanas de 9 años. Edgecomb se empieza a plantear sí Coffey es realmente un asesino, ya que tras su aspecto se esconde una personalidad ingenua, con miedo a la oscuridad y, además con un don sobrenatural.
653 _aDVD
653 _aVIDEOS
905 _a33141
942 _cDVD
999 _c54841
_d54841